Trace element chemistry of low-temperature pyrites - an indicator of past changes in fluid chemistry and fluid migration paths (Eger Graben, Czech Republik)

Bibliographic Details
Main Authors: Zachariáš, Jiří, geológ (Author), Adamovič, Jiří (Author), Langrová, Anna (Author)
Format: Article
Language:Slovak
English
PhysicalDescription:Obr., tab.
ISSN:1335-0552
Subjects:

MARC

LEADER 00000nab a2200000 a 4500
001 vtls010256816
003 SK-MaSNL
005 20260304155228.0
008 25050709c2008 xo o |||||||||||||||slon
015 |a SNBRB2008/07 
035 |a SVKKK000090376 
035 |a urn:nbn:sk:snk-ab78jj 
035 |a (uuid)1f0aebf4-e4be-4ba7-8e79-4c9a3aab9cd7 
035 |a (urnnbn)urn:nbn:sk:snk:ar-a0771h 
035 |a (sysno)vtls010256816 
038 |a SVKKK 
040 |a SNKBUCL  |b slo  |c SNKBUCL  |e AACR2 
041 0 |a eng  |b eng 
044 |a xo  |c SK 
080 |a 549.324.62(234.582)  |2 1997 
080 |a 552.14  |2 1997 
100 1 |a Zachariáš, Jiří,  |c geológ  |4 aut  |9 124411 
245 1 0 |a Trace element chemistry of low-temperature pyrites - an indicator of past changes in fluid chemistry and fluid migration paths (Eger Graben, Czech Republik)  |c Jiří Zachariáš, Jiří Adamovič, Anna Langrová 
300 |b Obr., tab. 
504 |a Bibliogr. odkazy 
546 |a Res. angl. 
650 0 7 |a arzenopyrit  |2 snkbucl  |9 50666 
650 0 7 |a diagenéza  |2 snkbucl  |9 175646 
650 0 7 |a cirkulácia fluíd  |2 snkbucl  |9 1480764 
651 7 |a oharecký rift (Česko)  |2 snkbucl  |9 1480765 
700 1 |a Adamovič, Jiří  |4 aut  |9 1480698 
700 1 |a Langrová, Anna  |4 aut  |9 1312928 
773 0 |t Geologica carpathica  |g Roč. 59, č. 2 (2008), s. 117-132  |x 1335-0552 
850 |a Slovenská národná knižnica 
852 |a Slovenská národná knižnica 
958 |a article27 
958 |a CZ 
958 |a NB 
958 |a OND 
958 |a EUIPO 
999 |c 2961268  |d 2963198